Normal görünüm MARC görünümü

Giriş Personal Name

Kullanılan kayıt sayısı: 1

001 - CONTROL NUMBER

  • control field: 3568

003 - CONTROL NUMBER IDENTIFIER

  • control field: TR-AnABB

005 - DATE AND TIME OF LATEST TRANSACTION

  • control field: 20260427071839.0

008 - FIXED-LENGTH DATA ELEMENTS

  • fixed length control field: 260427|| aca||aabn | a|a d

040 ## - CATALOGING SOURCE

  • Original cataloging agency: TR-AnABB
  • Transcribing agency: TR-AnABB

100 ## - HEADING--PERSONAL NAME

  • Personal name: Sıdney Phılıp

670 ## - SOURCE DATA FOUND

  • Source citation: Koha: (TR-AnABB)10338: Phılıp, Sıdney 3567, Astrophil ile Stella , 2019